Missing Word: Films Set in Hollywood Quiz Stats

 Plays Quiz Updated Aug 8, 2017

Challenge
Share
Tweet
Embed
Score 0/20 Timer 04:00
0 Plays Today
Title Missing Word % Correct
Singin' in the ____Rain
98%
A ____ Is BornStar
96.8%
Who ____ Roger RabbitFramed
94.9%
La La ____Land
90.2%
Sunset ____Blvd.
90.2%
The Way We ____Were
90%
Kiss ____ Bang BangKiss
89.4%
____ ShortyGet
88.8%
Mulholland ____Dr.
87.2%
L.A. ____Confidential
84.8%
Title Missing Word % Correct
What Ever Happened to Baby ____?Jane
83.6%
The Stunt ____Man
82.6%
____ with SharksSwimming
78%
Hail, ____!Caesar
70.3%
The ____ TycoonLast
67.6%
____ FinkBarton
64.6%
The ____ of the LocustDay
62.1%
The ____ PictureBig
49.9%
Gods and ____Monsters
49.5%
Sullivan's ____Travels
33.6%

Today's Daily Dose

You're not logged in!

Compare scores with friends on all Sporcle quizzes.
Join for Free
OR
Log In

You Might Also Like...

Show Comments

Extras

Top Quizzes Today


Score Distribution

Your Account Isn't Verified!

In order to create a playlist on Sporcle, you need to verify the email address you used during registration. Go to your Sporcle Settings to finish the process.

Report this User

Report this user for behavior that violates our Community Guidelines.

Details: